ბათუმის შოთა რუსთაველის სახელმწიფო უნივერსიტეტის ბიბლიოთეკა

ბიზნესის ანალიზი წიგნი P3 საერთაშორისო პროგრამა, უმაღლესი დონე : (ბიბ.ჩანაწერი № 54792)

000 -ლიდერი
ფიქსირებული სიგრძის საკონტროლო ველი 01062nam a2200265Ia 4500
001 - საკონტროლო ნომერი
საკონტროლო ველი 21860
003 - საკონტროლო ნომრის იდენტიფიკატორი
საკონტროლო ველი GE_BSU
005 - ბოლო ოპერაციის თარიღი და დრო
საკონტროლო ველი 20220614155108.0
008 - ფიქსირებული სიგრძის მონაცემთა ელემენტები - ზოგადი ინფორმაცია
ფიქსირებული სიგრძის საკონტროლო ველი 181216s |||| |||||||||||||| ||geo||
020 ## - წიგნის საერთაშორისო სტანდარტული ნომერი
International Standard Book Number 9780751789300
040 ## - კატალოგიზაციის წყარო
Transcribing agency GE_BSU
041 ## - ენის კოდი
Language code of text/sound track or separate title geo
080 ## - უნივერსალური ათობითი კლასიფიკაციის ინდექსი
Universal Decimal Classification number 657(075.8) : 336 ბ-66
245 ## - ცნობა სათაურის შესახებ
Title ბიზნესის ანალიზი წიგნი P3 საერთაშორისო პროგრამა, უმაღლესი დონე :
Remainder of title სახელმძღვანელო /
Statement of responsibility, etc მთარგმნელი ქ. ჯანგულაშვილი.
264 ## - წარმოების, გამოცემის, დისტრიბუციის და სხვა ცნობები
გამოცემის, წარმოების, დისტრიბუციის... ადგილი თბილისი :
გამოცემის, წარმოების, დისტრიბუციის... სახელწოდება დანი,
გამოცემის, წარმოების, დისტრიბუციის... თარიღი 2013.
300 ## - ფიზიკური აღწერა
Extent 738 გვ. ;
Dimensions 29 სმ.
490 ## - სერიის ცნობა
International Standard Serial Number ACCA
653 ## - INDEX TERM--UNCONTROLLED
Uncontrolled term ბიზნესის ანალიზი
653 ## - INDEX TERM--UNCONTROLLED
Uncontrolled term წიგნი P3
653 ## - INDEX TERM--UNCONTROLLED
Uncontrolled term ეკონომიკა
653 ## - INDEX TERM--UNCONTROLLED
Uncontrolled term ბუღალტერია
700 ## - ADDED ENTRY--PERSONAL NAME
Personal name ჯანგულაშვილი, ქ.
Relator term მთარგმნელი
9 (RLIN) 14083
942 ## - ADDED ENTRY ELEMENTS (KOHA)
Koha item type წიგნი
Source of classification or shelving scheme
ეგზემპლარები
ჩამოწერის სტატუსი დაკარგული ეგზემპლარის სტატუსი კლასიფიკაციის წყარო ან თაროზე გაწყობის სქემა დაზიანების სტატუსი არ გაიცემა მუდმივი მდებარეობა (დაცვის ადგილი) ამჟამინდელი ადგილსამყოფელი თაროზე განთავსების ადგილი შეძენის თარიღი ღირებულება, შესყიდვის ნორმალური ფასი სრული შენახვის შიფრი შტრიხკოდი ბოლო ოპერაციის თარიღი ეგზემპლარის მიმდევრობითი ნომერი (კეტერი?) ფასის ძალაში შესვლის თარიღი ეგზემპლარის სახეობა საჯარო შენიშვნა
          ბათუმის შოთა რუსთაველის სახელმწიფო უნივერსიტეტის მთავარი ბიბლიოთეკა ბათუმის შოთა რუსთაველის სახელმწიფო უნივერსიტეტის მთავარი ბიბლიოთეკა წიგნსაცავი 2018-12-17 39.50 657(075.8) : 336 ბ-66 56467 2018-12-17 56467 2018-12-17 წიგნი 39.50 ₾.
          ბათუმის შოთა რუსთაველის სახელმწიფო უნივერსიტეტის მთავარი ბიბლიოთეკა ბათუმის შოთა რუსთაველის სახელმწიფო უნივერსიტეტის მთავარი ბიბლიოთეკა წიგნსაცავი 2018-12-17 39.50 657(075.8) : 336 ბ-66 56468 2018-12-17 56468 2018-12-17 წიგნი 39.50 ₾.
          ბათუმის შოთა რუსთაველის სახელმწიფო უნივერსიტეტის მთავარი ბიბლიოთეკა ბათუმის შოთა რუსთაველის სახელმწიფო უნივერსიტეტის მთავარი ბიბლიოთეკა წიგნსაცავი 2018-12-17 39.50 657(075.8) : 336 ბ-66 56469 2018-12-17 56469 2018-12-17 წიგნი 39.50 ₾.
          ბათუმის შოთა რუსთაველის სახელმწიფო უნივერსიტეტის მთავარი ბიბლიოთეკა ბათუმის შოთა რუსთაველის სახელმწიფო უნივერსიტეტის მთავარი ბიბლიოთეკა წიგნსაცავი 2018-12-17 39.50 657(075.8) : 336 ბ-66 56470 2018-12-17 56470 2018-12-17 წიგნი 39.50 ₾.
          ბათუმის შოთა რუსთაველის სახელმწიფო უნივერსიტეტის მთავარი ბიბლიოთეკა ბათუმის შოთა რუსთაველის სახელმწიფო უნივერსიტეტის მთავარი ბიბლიოთეკა წიგნსაცავი 2018-12-17 39.50 657(075.8) : 336 ბ-66 56471 2018-12-17 56471 2018-12-17 წიგნი 39.50 ₾.